Libertad y progreso en los regímenes de autoridad / (Record no. 169113)

MARC details
000 -LEADER
campo de control de longitud fija 00915nam a2200241 i 4500
001 - NÚMERO DE CONTROL
campo de control 169113
003 - IDENTIFICADOR DE NÚMERO DE CONTROL
campo de control ES-MaACL
005 - FECHA Y HORA DE LA ÚLTIMA TRANSACCIÓN
campo de control 20250812062537.0
008 - DATOS DE LONGITUD FIJA--INFORMACIÓN GENERAL
campo de control de longitud fija 080818s1955 sp f |||| | spa d
080 ## - NÚMERO DE LA CLASIFICACIÓN DECIMAL UNIVERSAL
Número de la Clasificación Decimal Universal 321.6
100 1# - ENTRADA PRINCIPAL--NOMBRE DE PERSONA
Nombre de persona Salleron, Louis.
9 (RLIN) 101979
245 10 - MENCIÓN DEL TÍTULO
Título Libertad y progreso en los regímenes de autoridad /
Mención de responsabilidad, etc. Louis Salleron.
260 ## - PUBLICACIÓN, DISTRIBUCIÓN, ETC.
Lugar de publicación, distribución, etc. Madrid :
Nombre del editor, distribuidor, etc. Ateneo,
Fecha de publicación, distribución, etc. 1955.
300 ## - DESCRIPCIÓN FÍSICA
Extensión 33 p. :
Otras características físicas 1 lám. ;
Dimensiones 19 cm.
490 1# - MENCIÓN DE SERIE
Mención de serie Colección "O crece o muere" ;
Designación de volumen o secuencia 86
500 ## - NOTA GENERAL
Nota general El original fue dado a conocer por el autor en el Ateneo de Madrid dentro del ciclo "Tendencias actuales del pensamiento europeo", el día 23 de febrero de 1955.
610 27 - PUNTO DE ACCESO ADICIONAL DE MATERIA--NOMBRE DE ENTIDAD CORPORATIVA
Nombre de entidad corporativa o nombre de jurisdicción como elemento de entrada Ateneo de Madrid-
Subdivisión de forma Conferencias-
Subdivisión cronológica 1940-1982.
9 (RLIN) 1908
650 04 - PUNTO DE ACCESO ADICIONAL DE MATERIA--TÉRMINO DE MATERIA
Término de materia o nombre geográfico como elemento de entrada Regímenes políticos.
9 (RLIN) 16743
830 00 - PUNTO DE ACCESO ADICIONAL DE SERIE-TÍTULO UNIFORME
Título uniforme Colección "O crece o muere"
Designación de volumen o secuencia 86
9 (RLIN) 183476
852 ## - LOCALIZACIÓN
Ubicación ES-MaACL
Número de control de estantería J-24(86)
852 ## - LOCALIZACIÓN
Ubicación ES-MaACL
Número de control de estantería J-25(86)
Holdings
Estatus retirado Estado de pérdida Estado de daño No para préstamo Colección Biblioteca de origen Biblioteca actual Ubicación en estantería Fecha de adquisición Total de préstamos Signatura topográfica completa Código de barras Visto por última vez Precio de reemplazo Tipo de ítem Koha
        Fondo Ateneo de Madrid Biblioteca del Ateneo de Madrid Biblioteca del Ateneo de Madrid Depósito 2 18/08/2008   J-25(86) 1177543 23/02/2023 23/02/2023 Libro impreso
        Fondo Ateneo de Madrid Biblioteca del Ateneo de Madrid Biblioteca del Ateneo de Madrid Depósito 2 18/08/2008   J-24(86) 1177542 23/02/2023 23/02/2023 Libro impreso